000 00431nam a22001817a 4500
003 OSt
008 231114b |||||||| |||| 00| 0 eng d
041 _aeng
082 _a823.308
_bCAM / FA
100 _aCamus, Albert
_95586
245 _aFall
250 _a7th Imp.
260 _aLondon:
_bHamish Hamilton,
_c1957.
300 _a108pages.
650 _aEnglish Fiction
_95587
700 _aJustin O'Brien
_95588
942 _cBK
999 _c17795
_d17795